Fundamentals of ground engineering / (Record no. 535549)

000 -LEADER
fixed length control field 01505cam a2200409 i 4500
001 - CONTROL NUMBER
control field 18033571
003 - CONTROL NUMBER IDENTIFIER
control field NUST
005 - DATE AND TIME OF LATEST TRANSACTION
control field 20200916142951.0
008 - FIXED-LENGTH DATA ELEMENTS--GENERAL INFORMATION
fixed length control field 140206t20142014flua b 001 0 eng
010 ## - LIBRARY OF CONGRESS CONTROL NUMBER
LC control number 2014001335
020 ## - INTERNATIONAL STANDARD BOOK NUMBER
International Standard Book Number 9781482206173 (paperback)
020 ## - INTERNATIONAL STANDARD BOOK NUMBER
International Standard Book Number 148220617X (paperback)
038 ## - RECORD CONTENT LICENSOR
Staff Name MSOHAIL
040 ## - CATALOGING SOURCE
Original cataloging agency DLC
Language of cataloging eng
Transcribing agency DLC
Description conventions rda
Modifying agency DLC
042 ## - AUTHENTICATION CODE
Authentication code pcc
050 00 - LIBRARY OF CONGRESS CALL NUMBER
Classification number TA715
Item number .A85 2014
082 00 - DEWEY DECIMAL CLASSIFICATION NUMBER
Classification number 624.15
Edition number 23
Author Mark ATK
084 ## - OTHER CLASSIFICATION NUMBER
Classification number TEC009020
-- TEC009150
Number source bisacsh
100 1# - MAIN ENTRY--PERSONAL NAME
Personal name Atkinson, John,
Dates associated with a name 1942-
9 (RLIN) 30176
245 10 - TITLE STATEMENT
Title Fundamentals of ground engineering /
Statement of responsibility, etc. John Atkinson.
264 #1 - PRODUCTION, PUBLICATION, DISTRIBUTION, MANUFACTURE, AND COPYRIGHT NOTICE
Place of production, publication, distribution, manufacture Boca Raton :
Name of producer, publisher, distributor, manufacturer CRC Press, Taylor & Francis Group,
Date of production, publication, distribution, manufacture, or copyright notice [2014]
264 #4 - PRODUCTION, PUBLICATION, DISTRIBUTION, MANUFACTURE, AND COPYRIGHT NOTICE
Date of production, publication, distribution, manufacture, or copyright notice ©2014
300 ## - PHYSICAL DESCRIPTION
Extent xxii, 220 pages :
Other physical details illustrations ;
Dimensions 28 cm
336 ## - CONTENT TYPE
Content type term text
Source rdacontent
337 ## - MEDIA TYPE
Media type term unmediated
Source rdamedia
338 ## - CARRIER TYPE
Carrier type term volume
Source rdacarrier
500 ## - GENERAL NOTE
General note "A SPON Press book."
504 ## - BIBLIOGRAPHY, ETC. NOTE
Bibliography, etc. note Includes bibliographical references and index.
650 #0 - SUBJECT ADDED ENTRY--TOPICAL TERM
Topical term or geographic name entry element Earthwork.
9 (RLIN) 19708
650 #0 - SUBJECT ADDED ENTRY--TOPICAL TERM
Topical term or geographic name entry element Soil mechanics.
9 (RLIN) 30177
650 #7 - SUBJECT ADDED ENTRY--TOPICAL TERM
Topical term or geographic name entry element TECHNOLOGY & ENGINEERING / Civil / General.
Source of heading or term bisacsh
9 (RLIN) 6298
650 #7 - SUBJECT ADDED ENTRY--TOPICAL TERM
Topical term or geographic name entry element TECHNOLOGY & ENGINEERING / Civil / Soil & Rock.
Source of heading or term bisacsh
9 (RLIN) 26049
856 42 - ELECTRONIC LOCATION AND ACCESS
Materials specified Cover image
Uniform Resource Identifier <a href="http://images.tandf.co.uk/common/jackets/websmall/978148220/9781482206173.jpg">http://images.tandf.co.uk/common/jackets/websmall/978148220/9781482206173.jpg</a>
906 ## - LOCAL DATA ELEMENT F, LDF (RLIN)
a 7
b cbc
c orignew
d 1
e ecip
f 20
g y-gencatlg
942 ## - ADDED ENTRY ELEMENTS (KOHA)
Source of classification or shelving scheme
Koha item type Book
Holdings
Withdrawn status Lost status Source of classification or shelving scheme Damaged status Not for loan Permanent Location Current Location Date acquired Total Checkouts Full call number Barcode Date last seen Price effective from Koha item type
          School of Civil and Environmental Engineering (SCEE) School of Civil and Environmental Engineering (SCEE) 09/16/2020   624.15 ATK NIT-13241 09/16/2020 09/16/2020 Book
© 2023 Central Library, National University of Sciences and Technology. All Rights Reserved.